[Event "Pere Noel"]
[Site "Montreal CAN"]
[Date "2008.12.29"]
[Round "4"]
[White "Kovalyov, Anton"]
[Black "Kraiouchkine, Nikita"]
[Result "1-0"]
[WhiteElo "2500"]
[BlackElo "2245"]
[PlyCount "129"]
[EventDate "2008.12.26"]
[EventType "swiss"]
[EventRounds "5"]
[EventCountry "CAN"]

1. Nf3 d5 2. d4 Nf6 3. c4 c6 4. Nc3 dxc4 5. a4 e6 6. e3 c5 7. Bxc4 cxd4 8. exd4
Nc6 9. O-O Be7 10. Re1 O-O 11. Bg5 Nb4 12. Ne5 b6 13. Qb3 a5 14. Rad1 Ba6 15.
Bxa6 Rxa6 16. d5 exd5 17. Bxf6 Bxf6 18. Nxd5 Nxd5 19. Rxd5 Qe7 20. Nd3 Qc7 21.
Rc1 Qe7 22. g3 Ra7 23. Qxb6 Rb7 24. Qxa5 Bxb2 25. Rb1 Bf6 26. Rxb7 Qxb7 27. Qb5
Qe7 28. Qc4 g6 29. Nf4 Re8 30. Rd1 Qe4 31. Qb5 Rc8 32. Nd5 Bd4 33. Ne7+ Qxe7
34. Rxd4 Rc1+ 35. Kg2 Qe1 36. Rd8+ Kg7 37. Qb2+ Kh6 38. Qd2+ Qxd2 39. Rxd2 Ra1
40. Rd4 f5 41. h4 Ra3 42. Rc4 Kg7 43. Rc7+ Kf6 44. Ra7 h5 45. Ra6+ Kf7 46. a5
Kg7 47. Ra8 Kh7 48. Ra7+ Kg8 49. a6 Kh8 50. f4 Kg8 51. Kf2 Kh8 52. Ke2 Kg8 53.
Kd2 Kf8 54. Kc2 Ke8 55. Kb2 Ra5 56. Kc3 Kd8 57. Kb4 Ra1 58. Kb5 Rb1+ 59. Kc6
Rc1+ 60. Kd6 Rd1+ 61. Ke6 Ra1 62. Rd7+ Kc8 63. a7 Re1+ 64. Kf6 Kxd7 65. a8=Q
1-0

[Event "Pere Noel"]
[Site "Montreal CAN"]
[Date "2008.12.31"]
[Round "5"]
[White "Kraiouchkine, Nikita"]
[Black "Prahov, Valentin"]
[Result "0-1"]
[WhiteElo "2245"]
[BlackElo "2186"]
[PlyCount "114"]
[EventDate "2008.12.26"]
[EventType "swiss"]
[EventRounds "5"]
[EventCountry "CAN"]

1. e4 c5 2. Nf3 e6 3. d4 cxd4 4. Nxd4 Nf6 5. Nc3 Nc6 6. Ndb5 Bb4 7. a3 Bxc3+ 8.
Nxc3 d5 9. exd5 exd5 10. Bd3 O-O 11. O-O d4 12. Ne2 Bg4 13. Bg5 Qd6 14. Re1
Rfe8 15. Qd2 Bxe2 16. Bf4 Qd7 17. Bxe2 Ne4 18. Qd3 Nc5 19. Qb5 Re4 20. Bg3 Rae8
21. Qxc5 Rxe2 22. Rxe2 Rxe2 23. Qc4 Qe6 24. Qd3 Re1+ 25. Rxe1 Qxe1+ 26. Qf1 Qd2
27. Qb1 a5 28. f3 Qe2 29. Qe1 Qxe1+ 30. Bxe1 Kf8 31. Kf1 Ke7 32. Ke2 Ke6 33.
Kd3 Kd5 34. f4 f5 35. Bf2 b5 36. Bg1 g6 37. Bf2 h5 38. Bg1 a4 39. Bf2 b4 40.
Bg1 bxa3 41. bxa3 Na5 42. Bxd4 Nc4 43. Bf6 Nxa3 44. Be7 Nc4 45. Kc3 a3 46. Kb3
Ne3 47. g3 a2 48. Kxa2 Nxc2 49. Kb2 Ne3 50. Kc3 Ke4 51. Bc5 Nf1 52. Be7 Nxh2
53. Bh4 Nf1 54. Kc4 Kf3 55. Kd5 Nxg3 56. Ke6 Kxf4 57. Kf6 Kg4 0-1

[Event "Quebec-ch inv."]
[Site "Montreal CAN"]
[Date "2008.12.03"]
[Round "1"]
[White "Kraiouchkine, Nikita"]
[Black "Ramaswamy, Kishor"]
[Result "1/2-1/2"]
[WhiteElo "2285"]
[BlackElo "2196"]
[PlyCount "130"]
[EventDate "2008.12.03"]
[EventType "tourn"]
[EventRounds "7"]
[EventCountry "CAN"]

1. e4 c6 2. d4 d5 3. exd5 cxd5 4. c4 Nf6 5. Nc3 e6 6. Nf3 Bb4 7. cxd5 Nxd5 8.
Bd2 Nc6 9. Bd3 Be7 10. Qe2 O-O 11. O-O Nf6 12. Rfd1 Bd7 13. a3 g6 14. Rac1 Rc8
15. Bg5 Re8 16. Ne4 Nxe4 17. Bxe7 Nxe7 18. Bxe4 Bc6 19. Bb1 Bd5 20. Rc3 Qb6 21.
Ne5 Qd6 22. Ng4 Kg7 23. Qd2 Nf5 24. Rh3 Rh8 25. Nh6 Kf6 26. Ng4+ Kg7 27. Bxf5
h5 28. Ne3 exf5 29. Nxd5 Qxd5 30. Rc3 Rxc3 31. Qxc3 Rd8 32. f3 Rd6 33. Kf2 Kf6
34. Rd2 a5 35. Qc8 Kg7 36. Qe8 Re6 37. Qc8 Rd6 38. b4 axb4 39. axb4 b5 40. Qc5
Kf6 41. Qxd5 Rxd5 42. Ke3 h4 43. Rc2 Ke6 44. Rc5 g5 45. h3 Kd6 46. Kd3 Ke6 47.
Rc8 f6 48. f4 Rd6 49. Rb8 Ra6 50. Rxb5 Ra2 51. d5+ Kd7 52. Rb7+ Kd6 53. Rb6+
Kxd5 54. Rxf6 Ra3+ 55. Ke2 gxf4 56. b5 Ke5 57. Rh6 Ra2+ 58. Kf3 Ra3+ 59. Kf2
Ra2+ 60. Kg1 f3 61. gxf3 Kf4 62. Rf6 Kxf3 63. Rxf5+ Kg3 64. Rg5+ Kxh3 65. b6
Rg2+ 1/2-1/2

[Event "Quebec-ch inv."]
[Site "Montreal CAN"]
[Date "2008.12.04"]
[Round "2"]
[White "Barbeau, Sylvain"]
[Black "Kraiouchkine, Nikita"]
[Result "1-0"]
[WhiteElo "2378"]
[BlackElo "2285"]
[PlyCount "105"]
[EventDate "2008.12.03"]
[EventType "tourn"]
[EventRounds "7"]
[EventCountry "CAN"]

1. e4 e5 2. Nf3 Nc6 3. d4 exd4 4. Nxd4 Nf6 5. Nxc6 bxc6 6. e5 Qe7 7. Qe2 Nd5 8.
c4 Nb6 9. Nc3 d5 10. exd6 cxd6 11. b3 d5 12. cxd5 cxd5 13. Be3 Be6 14. Bd4 f6
15. Qe3 Kf7 16. Be2 Qb7 17. O-O Nd7 18. Rfe1 Re8 19. Bg4 Qc6 20. Bxe6+ Rxe6 21.
Qxe6+ Qxe6 22. Rxe6 Kxe6 23. Re1+ Kf7 24. Nxd5 Bd6 25. Rc1 Rd8 26. Ne3 Ne5 27.
Kf1 Ke6 28. Rc2 Rd7 29. Nc4 Nxc4 30. Rxc4 Be5 31. Be3 a6 32. Ke2 f5 33. h3 g6
34. b4 Rb7 35. Kd3 Bd6 36. Kc3 Kd5 37. Bf4 Bxf4 38. Rxf4 Rc7+ 39. Kb3 Rc1 40.
Rf3 Rb1+ 41. Ka4 Rb2 42. a3 Kc6 43. Ka5 Kb7 44. Re3 Rxf2 45. Re7+ Kc8 46. a4
Rxg2 47. Kxa6 f4 48. Rf7 g5 49. b5 Rb2 50. b6 h5 51. b7+ Kb8 52. Rf8+ Kc7 53.
Rc8+ 1-0

[Event "Quebec-ch inv."]
[Site "Montreal CAN"]
[Date "2008.12.05"]
[Round "3"]
[White "Kraiouchkine, Nikita"]
[Black "Voskanyan, Vahagn"]
[Result "1/2-1/2"]
[WhiteElo "2285"]
[BlackElo "2235"]
[PlyCount "79"]
[EventDate "2008.12.03"]
[EventType "tourn"]
[EventRounds "7"]
[EventCountry "CAN"]

1. e4 c6 2. d4 d5 3. exd5 cxd5 4. c4 Nf6 5. Nc3 g6 6. cxd5 Nxd5 7. Qb3 Nb6 8.
d5 Bg7 9. Be3 O-O 10. Rd1 N8d7 11. Nf3 Nf6 12. Be2 Ne8 13. O-O Nd6 14. Nd4 Nd7
15. Ndb5 b6 16. Nxd6 exd6 17. Bb5 Ne5 18. Bd4 Bf5 19. f4 Ng4 20. h3 Bxd4+ 21.
Rxd4 Nf6 22. Re1 Bd7 23. Qb4 Re8 24. Ne4 Bxb5 25. Qxb5 Kg7 26. Re2 Rc8 27. Nc3
Qc7 28. Kf1 Rxe2 29. Qxe2 Re8 30. Qd2 Qc8 31. Kf2 h5 32. Kf3 Qd7 33. Ne4 Nxe4
34. Rxe4 Rxe4 35. Kxe4 Qf5+ 36. Kd4 b5 37. Ke3 h4 38. Qc3+ Kg8 39. Qd2 Kh7 40.
Kd4 1/2-1/2

[Event "Quebec-ch inv."]
[Site "Montreal CAN"]
[Date "2008.12.06"]
[Round "4"]
[White "Kraiouchkine, Nikita"]
[Black "Jiang, Louie"]
[Result "1/2-1/2"]
[WhiteElo "2285"]
[BlackElo "2170"]
[PlyCount "93"]
[EventDate "2008.12.03"]
[EventType "tourn"]
[EventRounds "7"]
[EventCountry "CAN"]

1. e4 c5 2. Nf3 d6 3. d4 cxd4 4. Nxd4 Nf6 5. Nc3 a6 6. Bc4 e6 7. Bb3 Nc6 8. Be3
Be7 9. O-O O-O 10. f4 Nxd4 11. Bxd4 b5 12. e5 dxe5 13. fxe5 Nd7 14. Ne4 Bb7 15.
Nd6 Bxd6 16. exd6 Qg5 17. Qe2 Qg6 18. Rad1 Be4 19. Rd2 Kh8 20. h4 f5 21. h5 Qh6
22. Qe3 e5 23. Qxh6 gxh6 24. Bf2 Bc6 25. Rfd1 f4 26. Bh4 Rf5 27. Be7 Kg7 28.
Be6 Rxh5 29. Bg4 Rg5 30. Bxg5 hxg5 31. Re1 Re8 32. Rde2 Kf6 33. Bf3 Bxf3 34.
gxf3 h5 35. Rh2 Kg6 36. a4 Re6 37. axb5 axb5 38. Rd2 g4 39. Ra1 gxf3 40. Ra7 e4
41. Rxd7 e3 42. Rf2 e2 43. Rf1 exf1=Q+ 44. Kxf1 Re2 45. Rd8 Kf7 46. Rh8 Ke6 47.
Rxh5 1/2-1/2

[Event "Quebec-ch inv."]
[Site "Montreal CAN"]
[Date "2008.12.09"]
[Round "6"]
[White "Kraiouchkine, Nikita"]
[Black "Masse, Hugues"]
[Result "1/2-1/2"]
[WhiteElo "2285"]
[BlackElo "2278"]
[PlyCount "50"]
[EventDate "2008.12.03"]
[EventType "tourn"]
[EventRounds "7"]
[EventCountry "CAN"]

1. d4 Nf6 2. c4 g6 3. Nc3 d5 4. cxd5 Nxd5 5. e4 Nxc3 6. bxc3 Bg7 7. Bc4 c5 8.
Ne2 Nc6 9. Be3 O-O 10. O-O Qc7 11. Rc1 Rd8 12. h3 b6 13. f4 e6 14. Qe1 Na5 15.
Bd3 f5 16. g4 Bb7 17. gxf5 gxf5 18. exf5 Qc6 19. Qg3 Kh8 20. Kf2 Bf6 21. Qg4
Rg8 22. Qh5 Rg2+ 23. Ke1 exf5 24. Qxf5 Rg7 25. Rg1 Rag8 1/2-1/2

[Event "Quebec-ch inv."]
[Site "Montreal CAN"]
[Date "2008.12.10"]
[Round "7"]
[White "Prahov, Valentin"]
[Black "Kraiouchkine, Nikita"]
[Result "1/2-1/2"]
[WhiteElo "2126"]
[BlackElo "2285"]
[PlyCount "65"]
[EventDate "2008.12.03"]
[EventType "tourn"]
[EventRounds "7"]
[EventCountry "CAN"]

1. e4 e5 2. Nf3 Nc6 3. Bc4 Nf6 4. Ng5 d5 5. exd5 Nd4 6. c3 b5 7. Bf1 Nxd5 8.
cxd4 Qxg5 9. Bxb5+ Kd8 10. Qf3 Bb7 11. O-O Rb8 12. dxe5 Ne3 13. Qh3 Qxg2+ 14.
Qxg2 Nxg2 15. d4 f6 16. Be2 fxe5 17. dxe5 Bc5 18. Nc3 Bc6 19. b3 Rf8 20. Bg5+
Ke8 21. Na4 Rf5 22. h4 Rxe5 23. Bh5+ g6 24. Nxc5 gxh5 25. Nd3 Re2 26. Ne1 Rb4
27. Rc1 Rg4 28. f3 Nf4+ 29. Kh1 Bd5 30. Rc5 Bb7 31. Rxc7 Bd5 32. Rc5 Bb7 33.
Rc7 1/2-1/2

[Event "Unisource III"]
[Site "Montreal CAN"]
[Date "2008.11.07"]
[Round "1"]
[White "Kraiouchkine, Nikita"]
[Black "Audet-Bouchard, Nicolas"]
[Result "0-1"]
[WhiteElo "2284"]
[BlackElo "2095"]
[PlyCount "130"]
[EventDate "2008.11.07"]
[EventType "tourn"]
[EventRounds "5"]
[EventCountry "CAN"]

1. e4 c5 2. Nf3 Nc6 3. d4 cxd4 4. Nxd4 Nf6 5. Nc3 d6 6. Bc4 Qb6 7. Nde2 a6 8.
O-O e6 9. Bb3 Be7 10. h3 O-O 11. Be3 Qc7 12. f4 b5 13. f5 Na5 14. fxe6 fxe6 15.
Nf4 Nxb3 16. axb3 Qc6 17. Qd3 b4 18. Na4 Rb8 19. Qc4 Qxe4 20. Qxe4 Nxe4 21. Nb6
Bg5 22. Rae1 Ng3 23. Rf3 Bxf4 24. Rxf4 Rxf4 25. Bxf4 Rxb6 26. Bxg3 e5 27. Re2
Bf5 28. Be1 Kf7 29. Kf2 Ke6 30. Ke3 d5 31. Kd2 d4 32. g4 Bg6 33. Rf2 Rc6 34.
Kd1 a5 35. Rd2 Kd5 36. Bg3 Rc5 37. Bh2 Rc8 38. Bg3 Rc6 39. Bh2 Ra6 40. c3 a4
41. cxd4 exd4 42. Bg1 d3 43. bxa4 Rxa4 44. Ke1 Ra1+ 45. Kf2 Ke4 46. Bh2 b3 47.
Bd6 Rh1 48. Kg2 Rc1 49. Kf2 Be8 50. Bb4 Bd7 51. Bc3 g6 52. Bb4 h5 53. gxh5 gxh5
54. h4 Bg4 55. Be7 Be2 56. Bg5 Rh1 57. Kg2 Bf3+ 58. Kg3 Be2 59. Kg2 Ra1 60. Kf2
Kf5 61. Kg3 Rg1+ 62. Kf2 Rxg5 63. hxg5 Kxg5 64. Kg3 h4+ 65. Kh3 Kf4 0-1

[Event "Unisource III"]
[Site "Montreal CAN"]
[Date "2008.11.08"]
[Round "2"]
[White "Masse, Hugues"]
[Black "Kraiouchkine, Nikita"]
[Result "0-1"]
[WhiteElo "2307"]
[BlackElo "2284"]
[PlyCount "150"]
[EventDate "2008.11.07"]
[EventType "tourn"]
[EventRounds "5"]
[EventCountry "CAN"]

1. d4 d5 2. c4 c6 3. Nf3 Nf6 4. Nc3 dxc4 5. a4 e6 6. e3 c5 7. Bxc4 cxd4 8. exd4
Nc6 9. O-O Be7 10. Qe2 O-O 11. Rd1 Nb4 12. Ne5 Bd7 13. d5 exd5 14. Nxd5 Nfxd5
15. Bxd5 Nxd5 16. Rxd5 Bg4 17. Qc4 Qxd5 18. Qxd5 Rad8 19. Qxd8 Rxd8 20. Be3
Rd1+ 21. Rxd1 Bxd1 22. Bxa7 Bxa4 23. Bd4 Bb5 24. f3 f6 25. Ng4 Kf7 26. Kf2 Ke6
27. Ne3 Bd6 28. Bc3 g5 29. Nc2 Ba4 30. Nd4+ Kd5 31. Nf5 Bc5+ 32. Ke2 Bd7 33.
Ne3+ Ke6 34. Kd3 Bb5+ 35. Nc4 Ba6 36. Be1 Kd5 37. b3 Bg1 38. Bg3 Bd4 39. Bc7 h6
40. Bg3 f5 41. f4 Bf6 42. fxg5 hxg5 43. Bf2 f4 44. g3 f3 45. h4 g4 46. Be3 b5
47. Nd2 Bc8 48. Bg5 Bf5+ 49. Ke3 Bd4+ 50. Kf4 Bd3 51. Kxg4 f2 52. Kf3 f1=Q+ 53.
Nxf1 Bxf1 54. g4 Bd3 55. Be7 Ke5 56. b4 Be4+ 57. Kg3 Bc3 58. Bf8 Be1+ 59. Kh3
Kf4 60. Bd6+ Kf3 61. h5 Bf2 62. h6 Be3 63. Bf8 Bg5 64. Bg7 Bd3 65. Bf8 Bf1+ 66.
Kh2 Kxg4 67. h7 Bf6 68. Be7 Bh8 69. Kg1 Bd3 70. Kf2 Bd4+ 71. Ke1 Bxh7 72. Kd2
Kf4 73. Bd6+ Ke4 74. Bf8 Kd5 75. Be7 Kc4 0-1

[Event "Unisource III"]
[Site "Montreal CAN"]
[Date "2008.11.08"]
[Round "3"]
[White "Kraiouchkine, Nikita"]
[Black "Peev, Pavel"]
[Result "1-0"]
[WhiteElo "2284"]
[BlackElo "2082"]
[PlyCount "59"]
[EventDate "2008.11.07"]
[EventType "tourn"]
[EventRounds "5"]
[EventCountry "CAN"]

1. e4 c5 2. Nf3 d6 3. d4 cxd4 4. Nxd4 Nf6 5. Nc3 g6 6. Be3 Bg7 7. f3 O-O 8. Qd2
Nc6 9. O-O-O d5 10. Kb1 Nxd4 11. e5 Nd7 12. Bxd4 e6 13. f4 a6 14. Qe3 Re8 15.
g4 f6 16. g5 fxe5 17. fxe5 Qc7 18. Re1 b5 19. h4 Bb7 20. h5 b4 21. Nd1 Rac8 22.
Bd3 Nf8 23. hxg6 hxg6 24. Qh3 Kf7 25. Nf2 Ke7 26. Ng4 Kd8 27. Nf6 Bxf6 28. exf6
e5 29. Qe3 Nd7 30. Bxg6 1-0

[Event "Unisource III"]
[Site "Montreal CAN"]
[Date "2008.11.09"]
[Round "4"]
[White "Audet-Bouchard, Nicolas"]
[Black "Kraiouchkine, Nikita"]
[Result "0-1"]
[WhiteElo "2095"]
[BlackElo "2284"]
[PlyCount "106"]
[EventDate "2008.11.07"]
[EventType "tourn"]
[EventRounds "5"]
[EventCountry "CAN"]

1. e4 e5 2. Nf3 Nc6 3. Bb5 f5 4. d3 Nf6 5. exf5 Ne7 6. g4 c6 7. g5 Nxf5 8. gxf6
cxb5 9. f7+ Kxf7 10. Nxe5+ Kg8 11. Qf3 Qf6 12. Qd5+ Qe6 13. Qxe6+ dxe6 14. Nc3
Bd6 15. Bf4 Bd7 16. Ne4 Bc6 17. O-O-O Nd4 18. Rhe1 Bxe5 19. Bxe5 Nf3 20. Nd6
Nxe1 21. Rxe1 Kf8 22. Bc3 Ke7 23. Nf5+ Kf7 24. Nd6+ Ke7 25. Nf5+ Kd7 26. Nxg7
Bd5 27. Nh5 Rhf8 28. Nf6+ Kc6 29. Be5 Rf7 30. Kd2 Raf8 31. Nxd5 Rxf2+ 32. Re2
Kxd5 33. Bg3 Rxe2+ 34. Kxe2 Rc8 35. Kd2 e5 36. Bf2 a6 37. Bg3 e4 38. dxe4+ Kxe4
39. c3 Kf3 40. Kc2 Re8 41. Kb3 Re2 42. Ka3 h5 43. b3 Kg2 44. Bc7 h4 45. c4 bxc4
46. bxc4 h3 47. Kb3 Kf2 48. Kb4 Kg1 49. a4 Rxh2 50. Ka5 Rc2 51. Kb6 Rxc4 52. a5
Rb4+ 53. Ka7 h2 0-1

[Event "Unisource III"]
[Site "Montreal CAN"]
[Date "2008.11.09"]
[Round "5"]
[White "Kraiouchkine, Nikita"]
[Black "Audet-Bouchard, Nicolas"]
[Result "1/2-1/2"]
[WhiteElo "2284"]
[BlackElo "2095"]
[PlyCount "23"]
[EventDate "2008.11.07"]
[EventType "tourn"]
[EventRounds "5"]
[EventCountry "CAN"]

1. e4 c5 2. Nf3 Nc6 3. d4 cxd4 4. Nxd4 Nf6 5. Nc3 d6 6. Bc4 Qb6 7. Nb3 a6 8.
O-O e6 9. a4 Qc7 10. a5 b5 11. axb6 Qxb6 12. Be3 1/2-1/2

[Event "Quebec-ch classe"]
[Site "Montreal CAN"]
[Date "2008.10.10"]
[Round "1"]
[White "Kraiouchkine, Nikita"]
[Black "Fareh, Youness"]
[Result "1-0"]
[WhiteElo "2275"]
[BlackElo "2175"]
[PlyCount "107"]
[EventDate "2008.10.10"]
[EventType "swiss"]
[EventRounds "5"]
[EventCountry "CAN"]

1. e4 c5 2. Nf3 e6 3. d4 cxd4 4. Nxd4 Nc6 5. Nc3 Nf6 6. Ndb5 Bb4 7. Nd6+ Ke7 8.
Bf4 e5 9. Nf5+ Kf8 10. Bg5 d5 11. exd5 Bxf5 12. dxc6 bxc6 13. Bd3 e4 14. Bc4 h6
15. Be3 Qa5 16. O-O Rd8 17. Qe2 Bg4 18. Qe1 Qh5 19. h3 Bf3 20. Bxa7 Bd6 21. Be2
Qe5 22. g3 Qh5 23. Bxf3 exf3 24. Qe3 Kg8 25. Rfd1 Re8 26. Qd3 Re5 27. Qf1 Bc7
28. Bd4 Re2 29. Bxf6 gxf6 30. Rd7 Bb6 31. Nxe2 fxe2 32. Qg2 Kg7 33. Re1 Re8 34.
Rd2 Re6 35. c3 f5 36. Kh2 f4 37. g4 Qb5 38. Qf3 Bc7 39. Kg2 h5 40. Rdxe2 hxg4
41. hxg4 Rg6 42. Kf1 Qg5 43. Qg2 Rh6 44. Re4 Rh4 45. Qf3 Rxg4 46. Ke2 Qb5+ 47.
Kd1 Rg6 48. Kc1 c5 49. Qh1 Qd3 50. Re8 Kf6 51. Qh4+ Kf5 52. Qh5+ Kf6 53. Qh8+
Kf5 54. R8e5+ 1-0

[Event "Quebec-ch classe"]
[Site "Montreal CAN"]
[Date "2008.10.11"]
[Round "2"]
[White "Libersan, Thierry"]
[Black "Kraiouchkine, Nikita"]
[Result "1/2-1/2"]
[WhiteElo "2049"]
[BlackElo "2275"]
[PlyCount "67"]
[EventDate "2008.10.10"]
[EventType "swiss"]
[EventRounds "5"]
[EventCountry "CAN"]

1. e4 e5 2. Nf3 Nf6 3. Nxe5 d6 4. Nf3 Nxe4 5. Nc3 Nf6 6. d4 Be7 7. Bf4 O-O 8.
Qd2 c6 9. Bd3 Re8 10. O-O-O b5 11. Rhe1 Nbd7 12. Ng5 d5 13. Ne2 h6 14. Nf3 Ne4
15. Bxe4 dxe4 16. Ne5 Nxe5 17. dxe5 Qxd2+ 18. Rxd2 g5 19. Bg3 h5 20. h3 h4 21.
Bh2 Be6 22. Nc3 Bb4 23. Rxe4 Bxc3 24. bxc3 Kg7 25. Rd6 Rad8 26. a4 a6 27. axb5
Rxd6 28. exd6 cxb5 29. Re5 Kf6 30. Rc5 Rc8 31. Rc7 Rxc7 32. dxc7 Ke7 33. Be5
Kd7 34. Bf6 1/2-1/2

[Event "Quebec-ch classe"]
[Site "Montreal CAN"]
[Date "2008.10.11"]
[Round "3"]
[White "Kraiouchkine, Nikita"]
[Black "Le Duin, Thierry"]
[Result "1/2-1/2"]
[WhiteElo "2275"]
[BlackElo "2020"]
[PlyCount "81"]
[EventDate "2008.10.10"]
[EventType "swiss"]
[EventRounds "5"]
[EventCountry "CAN"]

1. e4 d5 2. exd5 Nf6 3. Nc3 Nxd5 4. Bc4 Nb6 5. Bb3 Nc6 6. Qf3 e6 7. Nge2 Be7 8.
d3 O-O 9. Be3 a6 10. O-O-O Na5 11. Nf4 Nxb3+ 12. axb3 a5 13. h4 c6 14. Nh5 f6
15. Rh3 Nd5 16. Rg3 Rf7 17. Bh6 g6 18. Nxd5 Qxd5 19. Qxd5 cxd5 20. Nf4 Bd6 21.
Re1 g5 22. Nxd5 Bxg3 23. fxg3 gxh4 24. Nb6 Rb8 25. gxh4 e5 26. g3 Bd7 27. Bd2
Bc6 28. Bxa5 Rg7 29. Re3 Kf7 30. c4 Rbg8 31. Be1 Rg4 32. Kc2 Rd4 33. Bc3 Rdg4
34. Be1 Rd8 35. Kc3 Rgd4 36. Bf2 e4 37. dxe4 Rxe4 38. Rxe4 Bxe4 39. Bd4 Rg8 40.
Bf2 Rd8 41. Bd4 1/2-1/2

[Event "Quebec-ch classe"]
[Site "Montreal CAN"]
[Date "2008.10.12"]
[Round "4"]
[White "Ramaswamy, Kishor"]
[Black "Kraiouchkine, Nikita"]
[Result "0-1"]
[WhiteElo "2187"]
[BlackElo "2275"]
[PlyCount "76"]
[EventDate "2008.10.10"]
[EventType "swiss"]
[EventRounds "5"]
[EventCountry "CAN"]

1. d4 d5 2. Nf3 Nf6 3. Bf4 c5 4. e3 Nc6 5. c3 Qb6 6. Qc1 Nh5 7. Bg3 Nxg3 8.
hxg3 Bf5 9. Nbd2 cxd4 10. exd4 Rc8 11. a3 g6 12. b4 Bg7 13. Nb3 O-O 14. Qd2 e5
15. Be2 Rfe8 16. O-O exd4 17. cxd4 Nxb4 18. g4 Rxe2 19. Qxe2 Bd3 20. Rac1 Bxe2
21. Rxc8+ Bf8 22. Re1 Qe6 23. Rc3 Nc6 24. Re3 Qxg4 25. R3xe2 Bxa3 26. Ne5 Nxe5
27. Rxe5 Qd7 28. Nc5 Bxc5 29. dxc5 d4 30. Rd1 Qa4 31. Rb1 Kg7 32. Rxb7 d3 33.
Rd5 Qe4 34. Rbd7 Qe1+ 35. Kh2 Qxf2 36. c6 Qf4+ 37. Kh3 g5 38. c7 Qh4# 0-1

[Event "Quebec-ch classe"]
[Site "Montreal CAN"]
[Date "2008.10.12"]
[Round "5"]
[White "Kraiouchkine, Nikita"]
[Black "Barbeau, Sylvain"]
[Result "1/2-1/2"]
[WhiteElo "2275"]
[BlackElo "2364"]
[PlyCount "30"]
[EventDate "2008.10.10"]
[EventType "swiss"]
[EventRounds "5"]
[EventCountry "CAN"]

1. e4 e5 2. Nf3 Nc6 3. Bb5 a6 4. Bxc6 dxc6 5. d4 exd4 6. Qxd4 Qxd4 7. Nxd4 Bd7
8. Nc3 O-O-O 9. Be3 Re8 10. f3 f5 11. Kf2 fxe4 12. Nxe4 Be7 13. Bg5 Nf6 14.
Nxf6 gxf6 15. Bh4 Bc5 1/2-1/2

[Event "Montreal op"]
[Site "Montreal CAN"]
[Date "2008.09.13"]
[Round "2"]
[White "Levkovsky, Alexandre"]
[Black "Kraiouchkine, Nikita"]
[Result "0-1"]
[WhiteElo "2169"]
[BlackElo "2282"]
[PlyCount "108"]
[EventDate "2008.09.12"]
[EventType "swiss"]
[EventRounds "5"]
[EventCountry "CAN"]

1. e4 e5 2. Nf3 Nc6 3. Bb5 f5 4. d4 fxe4 5. Nxe5 Nxe5 6. dxe5 c6 7. Bc4 Qa5+ 8.
Nc3 Qxe5 9. Bxg8 Rxg8 10. Qe2 d5 11. f3 Bb4 12. Bd2 Bxc3 13. Bxc3 d4 14. f4 Qd5
15. O-O-O c5 16. b4 b6 17. Bb2 Bb7 18. Qg4 g6 19. Qh4 g5 20. Qxh7 gxf4 21. Rhf1
O-O-O 22. bxc5 bxc5 23. Rxf4 Rd7 24. Qh3 Qxa2 25. Rf5 Bd5 26. Qa3 Qc4 27. g3 e3
28. Qd3 Qxd3 29. cxd3 Kc7 30. Ba3 Kc6 31. Rf6+ Rd6 32. Rdf1 Rh8 33. Rxd6+ Kxd6
34. h4 Rg8 35. h5 Rxg3 36. Rf6+ Ke5 37. Rg6 Rxg6 38. hxg6 c4 39. dxc4 Bxc4 40.
Bb4 Kd5 41. g7 Kc6 42. Kc2 Kb5 43. Be1 Bg8 44. Kd3 Kc5 45. Ba5 Bh7+ 46. Ke2 Kd5
47. Bb4 Ke4 48. Ba5 d3+ 49. Ke1 Kd4 50. Kd1 Kc4 51. Kc1 Kb3 52. Kd1 Kb2 53. Bc7
d2 54. Be5+ Kb1 0-1

[Event "Montreal op"]
[Site "Montreal CAN"]
[Date "2008.09.13"]
[Round "3"]
[White "Kraiouchkine, Nikita"]
[Black "Rainfray, Arnaud"]
[Result "1/2-1/2"]
[WhiteElo "2282"]
[BlackElo "2388"]
[PlyCount "104"]
[EventDate "2008.09.12"]
[EventType "swiss"]
[EventRounds "5"]
[EventCountry "CAN"]

1. e4 e5 2. Nf3 Nc6 3. Nc3 Nf6 4. d4 exd4 5. Nd5 Be7 6. Nxd4 Nxd5 7. exd5 Nxd4
8. Qxd4 O-O 9. Be2 Bf6 10. Qc4 d6 11. O-O a5 12. a4 Re8 13. c3 b6 14. Be3 Re5
15. Rad1 Qd7 16. Rfe1 Ba6 17. Qb3 Bxe2 18. Rxe2 Re4 19. c4 Rae8 20. Rde1 Bd4
21. Qc2 Bxe3 22. Rxe3 Rxe3 23. Rxe3 Rxe3 24. fxe3 Qe7 25. Qd3 Qe5 26. b3 f5 27.
h3 Kf7 28. Kf2 Kf6 29. Kf3 h5 30. h4 g5 31. hxg5+ Kxg5 32. g3 Qb2 33. Qd1 Qe5
34. Qd3 Qa1 35. Kg2 Kf6 36. Qe2 Qc3 37. Qxh5 Qd2+ 38. Kf1 Qd3+ 39. Kf2 Qc2+ 40.
Kg1 Qc1+ 41. Kg2 Qd2+ 42. Kh3 Qxe3 43. Qh8+ Kg6 44. Qg8+ Kh6 45. Qf7 Qf3 46.
Qf6+ Kh5 47. Qf7+ Kg5 48. Qe7+ Kg6 49. Qe1 Kg5 50. Qe7+ Kh5 51. Qe8+ Kg5 52.
Qe1 Kh5 1/2-1/2

[Event "Montreal op"]
[Site "Montreal CAN"]
[Date "2008.09.14"]
[Round "4"]
[White "Larochelle, Martial"]
[Black "Kraiouchkine, Nikita"]
[Result "1-0"]
[WhiteElo "2189"]
[BlackElo "2282"]
[PlyCount "105"]
[EventDate "2008.09.12"]
[EventType "swiss"]
[EventRounds "5"]
[EventCountry "CAN"]

1. c4 e5 2. Nc3 Nf6 3. Nf3 Nc6 4. g3 d5 5. cxd5 Nxd5 6. Bg2 Nxc3 7. bxc3 e4 8.
Ng1 Bf5 9. Qa4 Qd5 10. Rb1 Bc5 11. d4 Bb6 12. Rb5 Qd7 13. Qc2 O-O 14. Rxf5 Qxf5
15. Bxe4 Qh5 16. Nf3 f5 17. Bd5+ Kh8 18. Ng5 Nd8 19. h4 c6 20. Bf3 Qe8 21. g4
Qd7 22. gxf5 Qxf5 23. e4 Qd7 24. e5 Rf5 25. Bg4 g6 26. h5 Qd5 27. Qe4 Qxe4+ 28.
Nxe4 Kg7 29. Bxf5 gxf5 30. Rg1+ Kf7 31. Nd6+ Ke6 32. Rg8 Rb8 33. Rf8 c5 34.
Nxf5 cxd4 35. cxd4 Nc6 36. Ng7+ Kd5 37. Rxb8 Nxb8 38. Bb2 Nc6 39. Nf5 Ke6 40.
Ng7+ Kf7 41. d5 Kxg7 42. dxc6 bxc6 43. e6+ Kf8 44. f4 Ke7 45. f5 Bg1 46. Ke2
Bh2 47. Ba3+ Kf6 48. Bc5 a6 49. Kf3 Be5 50. Ke4 Bg3 51. e7 Kf7 52. f6 Bc7 53.
Kf5 1-0

[Event "Lanaudiere"]
[Site "Repentigny CAN"]
[Date "2008.08.15"]
[Round "1"]
[White "Kraiouchkine, Nikita"]
[Black "Gauthier, Denis"]
[Result "1-0"]
[WhiteElo "2286"]
[BlackElo "1918"]
[PlyCount "57"]
[EventDate "2008.08.15"]
[EventType "swiss"]
[EventRounds "5"]
[EventCountry "CAN"]

1. e4 c5 2. Nf3 Nc6 3. d4 cxd4 4. Nxd4 Qc7 5. Be3 Nf6 6. Nc3 e6 7. Ndb5 Qb8 8.
f4 a6 9. Bb6 axb5 10. Nxb5 Qxf4 11. Nc7+ Ke7 12. Nxa8 Qxe4+ 13. Qe2 Qa4 14.
Bc5+ Ke8 15. Nc7+ Kd8 16. Bxf8 Rxf8 17. Nb5 d5 18. c3 Ke7 19. Qe3 Ne4 20. Bd3
f5 21. O-O Bd7 22. b3 Qa5 23. b4 Qa4 24. Bxe4 dxe4 25. Qc5+ Kf7 26. Nd6+ Kg8
27. Nxb7 f4 28. Qd6 Qa7+ 29. Nc5 1-0

[Event "Lanaudiere"]
[Site "Repentigny CAN"]
[Date "2008.08.16"]
[Round "2"]
[White "De Lagrave, Sylvain"]
[Black "Kraiouchkine, Nikita"]
[Result "1/2-1/2"]
[WhiteElo "2025"]
[BlackElo "2286"]
[PlyCount "51"]
[EventDate "2008.08.15"]
[EventType "swiss"]
[EventRounds "5"]
[EventCountry "CAN"]

1. e4 e5 2. Nf3 Nc6 3. Bb5 f5 4. d3 Nf6 5. O-O fxe4 6. dxe4 Bc5 7. Bxc6 bxc6 8.
Nxe5 O-O 9. Nc3 Qe7 10. Nd3 Bd4 11. e5 Bxc3 12. bxc3 Nd5 13. c4 Nb6 14. c5 Nc4
15. Qe1 Ba6 16. Qc3 Qf7 17. Bf4 Rab8 18. Bg3 Rb7 19. Nb4 Bb5 20. a4 a5 21. Nd3
Ba6 22. Rab1 Rfb8 23. Rxb7 Rxb7 24. Re1 Qd5 25. h3 h6 26. f4 1/2-1/2

[Event "Lanaudiere"]
[Site "Repentigny CAN"]
[Date "2008.08.16"]
[Round "3"]
[White "Kraiouchkine, Nikita"]
[Black "Ye, Ling Feng"]
[Result "1/2-1/2"]
[WhiteElo "2286"]
[BlackElo "2215"]
[PlyCount "49"]
[EventDate "2008.08.15"]
[EventType "swiss"]
[EventRounds "5"]
[EventCountry "CAN"]

1. e4 c5 2. Nf3 d6 3. d4 cxd4 4. Nxd4 Nf6 5. Nc3 a6 6. Bc4 e6 7. Bb3 Nbd7 8. f4
Nc5 9. f5 Be7 10. Qf3 e5 11. Nde2 Nxb3 12. axb3 h6 13. O-O O-O 14. Rd1 b5 15.
Nd5 Nxd5 16. Rxd5 Bb7 17. Rd1 Rc8 18. Qd3 Qc7 19. c3 Rfd8 20. Be3 d5 21. exd5
Bxd5 22. Qc2 Qc6 23. Ng3 Bh4 24. b4 Bxg3 25. hxg3 1/2-1/2